Judicial dialogue and Human Rights

保存先:
書誌詳細
主要な著者: Muller, Amrei (著者), Kjos, Hege Elizabeth (著者)
フォーマット: 図書
言語:英語
出版事項: Cambridge Cambridge University Press 2017
版:1a. ed
シリーズ:Studies on International Courts and Tribunals
主題:
タグ: タグ追加
タグなし, このレコードへの初めてのタグを付けませんか!

MARC

LEADER 00000cam a2200000 a 4500
001 UCC8952
003 CL-VaPUC
008 190830e20170000uk |||||||||||||||||eng|d
020 |a 9781107173583 
082 0 4 |a 342.085  |b MUL  |2 21 
100 0 |a Muller, Amrei  |e author  |9 603658 
700 0 |a Kjos, Hege Elizabeth  |e author  |9 603659 
245 1 0 |a Judicial dialogue and Human Rights 
250 |a 1a. ed 
300 |a 585 p 
942 |c BK 
945 |d 20190830 10:52:00  |a dcastane 
260 |a Cambridge  |b Cambridge University Press  |c 2017 
650 0 |a Derechos fundamentales   |9 254841 
650 0 |a Tribunales de justicia   |9 328494 
650 0 |a Tribunales internacionales   |9 256072 
583 |a last modification  |c 20190830 10:52:00  |k Rodrigo Vera 
490 0 |a Studies on International Courts and Tribunals 
999 |c 375147  |d 375145 
952 |0 0  |1 0  |3 erd  |4 0  |6 342_085000000000000_MUL_2017  |7 0  |8 WP_COW  |9 561091  |a BIBDER  |b BIBDER  |e Fundación W and P Cowley  |i 5596947  |o 342.085 MUL 2017  |p 5596947  |r 2023-01-25  |w 2020-03-12  |y BK  |z Catalogado en:20190830  |k WPC